[Event "4. Open Ciudad de Tres Cantos 2012"]
[Site "Tres Cantos ESP"]
[Date "2012.06.24"]
[Round "4.42"]
[White "Rausell Tamayo, Estrella"]
[Black "Martin Garcia, Francisco Javier"]
[Result "0-1"]
[WhiteElo "1308"]
[BlackElo "1612"]
[PlyCount "118"]
[EventDate "2012.06.21"]
[EventType "swiss"]
[EventRounds "9"]
[EventCountry "ESP"]
[Source "lmi"]
[SourceDate "2012.06.21"]

1. e4 c5 2. Nf3 d6 3. d4 cxd4 4. Nxd4 Nf6 5. Nc3 a6 6. Bg5 e6 7. f4 Be7 8. Qf3
Nbd7 9. g4 Qc7 10. O-O-O b5 11. Bxf6 Nxf6 12. g5 Nd7 13. f5 Bxg5+ 14. Kb1 Ne5
15. Qg2 Qe7 16. h4 Bf6 17. Bxb5+ axb5 18. Ndxb5 Nc4 19. Qf3 Rb8 20. h5 h6 21.
Qd3 Bxc3 22. Qxc4 Be5 23. Nc7+ Kf8 24. c3 Kg8 25. Rhg1 Kh7 26. Nb5 Ba6 27. Qc7
Qxc7 28. Nxc7 Be2 29. Rd2 Bf3 30. fxe6 fxe6 31. Nxe6 Bxe4+ 32. Kc1 Rhg8 33. Re1
Bf5 34. Nd4 Bxd4 35. Rxd4 Ra8 36. a3 Ra6 37. c4 Rc8 38. Kd2 Rb6 39. b4 Rbc6 40.
Rc1 Re8 41. c5 dxc5 42. Rxc5 Rxc5 43. bxc5 Ra8 44. Rd3 Bxd3 45. Kxd3 Rxa3+ 46.
Kc4 Ra8 47. c6 g5 48. hxg6+ Kxg6 49. Kc5 h5 50. Kd6 h4 51. Kd7 h3 52. c7 h2 53.
c8=Q Rxc8 54. Kxc8 h1=Q 55. Kb8 Qh7 56. Ka8 Kf6 57. Kb8 Ke6 58. Ka8 Kd6 59. Kb8
Kc6 0-1

[Event "4. Open Ciudad de Tres Cantos 2012"]
[Site "Tres Cantos ESP"]
[Date "2012.06.24"]
[Round "4.43"]
[White "Pindado Del Carmen, Eliseo"]
[Black "Casado Izquierdo, David"]
[Result "0-1"]
[WhiteElo "1596"]
[BlackElo "2115"]
[PlyCount "100"]
[EventDate "2012.06.21"]
[EventType "swiss"]
[EventRounds "9"]
[EventCountry "ESP"]
[Source "lmi"]
[SourceDate "2012.06.21"]

1. d4 Nf6 2. c4 d6 3. Nc3 g6 4. e4 Bg7 5. f3 O-O 6. Bg5 Nbd7 7. Qd2 c5 8. d5 a6
9. h4 Ne8 10. Bh6 f6 11. Bxg7 Nxg7 12. Qh6 Ne5 13. g4 Nf7 14. Qd2 Bd7 15. h5 g5
16. h6 Ne8 17. Nge2 b5 18. Ng3 Ne5 19. Be2 b4 20. Nd1 Ng6 21. Ne3 a5 22. Nh5 a4
23. Nf5 b3 24. axb3 axb3 25. Kf2 Ra2 26. Qc3 Qa8 27. Rad1 Qa4 28. Kg3 Ne5 29.
Nxe7+ Kf7 30. Nf5 Qb4 31. Qxb4 cxb4 32. Rd2 Bxf5 33. exf5 Nd7 34. Re1 Nc7 35.
Bf1 Re8 36. Rxe8 Nxe8 37. Kf2 Nc5 38. Ng3 Na4 39. Ke3 Nxb2 40. Ne4 Na4 41. Bd3
Ke7 42. Rf2 Nc3 43. Nd2 Nd1+ 44. Kd4 Nxf2 45. Nxb3 Nxd3 46. Kxd3 Ra3 47. Kc2
Nc7 48. Kb2 Na6 49. Nd2 Nc5 50. Ne4 Rxf3 0-1

[Event "4. Open Ciudad de Tres Cantos 2012"]
[Site "Tres Cantos ESP"]
[Date "2012.06.24"]
[Round "4.44"]
[White "Palenciano Escolar, Adrian"]
[Black "Jarne Ubieto, Francisco"]
[Result "1-0"]
[WhiteElo "1595"]
[BlackElo "1318"]
[PlyCount "33"]
[EventDate "2012.06.21"]
[EventType "swiss"]
[EventRounds "9"]
[EventCountry "ESP"]
[Source "lmi"]
[SourceDate "2012.06.21"]

1. e4 c5 2. Nf3 Nf6 3. Nc3 d6 4. d4 cxd4 5. Nxd4 g6 6. Be3 Bg7 7. f3 O-O 8. Qd2
Nc6 9. Bc4 a6 10. O-O-O b5 11. Nxc6 Qc7 12. Bd5 e6 13. Ne7+ Qxe7 14. Bxa8 Rd8
15. Bb6 Qf8 16. Bxd8 e5 17. Qxd6 1-0

[Event "4. Open Ciudad de Tres Cantos 2012"]
[Site "Tres Cantos ESP"]
[Date "2012.06.24"]
[Round "4.45"]
[White "Cabrera Jordan, Esteban"]
[Black "Benito Mellado, Humberto"]
[Result "1-0"]
[WhiteElo "1673"]
[BlackElo "1592"]
[PlyCount "43"]
[EventDate "2012.06.21"]
[EventType "swiss"]
[EventRounds "9"]
[EventCountry "ESP"]
[Source "lmi"]
[SourceDate "2012.06.21"]

1. d4 d5 2. c4 c6 3. Nc3 Nf6 4. cxd5 cxd5 5. Nf3 Bg4 6. e3 e6 7. Be2 Nbd7 8.
Qb3 Qc7 9. O-O Be7 10. Bd2 Rc8 11. Rac1 Qb6 12. Nxd5 Qd8 13. Nxe7 Kxe7 14. Qa3+
Ke8 15. Rxc8 Qxc8 16. Qxa7 Nd5 17. Rc1 Nc7 18. Qa4 f5 19. Qc4 Kd8 20. Ba5 b6
21. Bb4 Re8 22. Bd6 1-0

[Event "4. Open Ciudad de Tres Cantos 2012"]
[Site "Tres Cantos ESP"]
[Date "2012.06.24"]
[Round "4.46"]
[White "Garcia Minguez, Antonio"]
[Black "Salgado Duarte, Pablo"]
[Result "0-1"]
[WhiteElo "1463"]
[BlackElo "1565"]
[PlyCount "114"]
[EventDate "2012.06.21"]
[EventType "swiss"]
[EventRounds "9"]
[EventCountry "ESP"]
[Source "lmi"]
[SourceDate "2012.06.21"]

1. d4 d5 2. c4 Nf6 3. cxd5 Nxd5 4. Nc3 Nc6 5. e3 a6 6. Nf3 Bf5 7. a3 h6 8. Bc4
Nxc3 9. bxc3 e6 10. Bd3 Bg4 11. O-O e5 12. Be2 exd4 13. cxd4 Bd6 14. Bb2 O-O
15. Rb1 b6 16. d5 Bxf3 17. Bxf3 Ne7 18. Qd4 f6 19. Qg4 Qe8 20. e4 Ng6 21. Rfe1
Ne5 22. Qf5 Nd3 23. Bh5 Qc8 24. Re3 Qxf5 25. exf5 Nxb2 26. Rxb2 Rad8 27. Rbb3
Be5 28. Bf3 Bd6 29. g4 Rfe8 30. Re6 Kf7 31. h4 g6 32. a4 gxf5 33. gxf5 Rg8+ 34.
Kf1 a5 35. Bh5+ Kg7 36. Rg3+ Bxg3 37. fxg3 Rxd5 38. Re7+ Kh8 39. Bg6 Rc8 40.
Rh7+ Kg8 41. Rxh6 c5 42. Bh7+ Kg7 43. Rh5 c4 44. Bg6 Rh8 45. Rxh8 Kxh8 46. Bf7
Rd4 47. Ke2 c3 48. Bb3 Rd2+ 49. Ke1 Rb2 50. Be6 Rb4 51. h5 Rxa4 52. Bb3 Rb4 53.
Bc2 a4 54. Ke2 a3 55. Kd3 a2 56. Kxc3 Rb5 57. Kc4 Rc5+ 0-1

[Event "4. Open Ciudad de Tres Cantos 2012"]
[Site "Tres Cantos ESP"]
[Date "2012.06.25"]
[Round "5.1"]
[White "Aguado Solana, Juan"]
[Black "Rausis, Igor"]
[Result "0-1"]
[WhiteElo "2083"]
[BlackElo "2514"]
[PlyCount "56"]
[EventDate "2012.06.21"]
[EventType "swiss"]
[EventRounds "9"]
[EventCountry "ESP"]
[Source "lmi"]
[SourceDate "2012.06.21"]

1. d4 Nf6 2. e3 c5 3. Bd3 d5 4. Nd2 Nc6 5. c3 e5 6. dxe5 Nxe5 7. Bb5+ Bd7 8.
Bxd7+ Qxd7 9. Ndf3 Bd6 10. Nxe5 Bxe5 11. Nf3 Bc7 12. O-O O-O-O 13. Qc2 Qg4 14.
b3 Qe4 15. Qxe4 dxe4 16. Ng5 Rd7 17. c4 h6 18. Nh3 Ng4 19. g3 g5 20. Kg2 Rhd8
21. Ng1 Be5 22. Rb1 Rd1 23. Nh3 Rxf1 24. Kxf1 Nxh2+ 25. Kg2 Nf3 26. Ba3 b6 27.
b4 Nd2 28. Rc1 Rd3 0-1

[Event "4. Open Ciudad de Tres Cantos 2012"]
[Site "Tres Cantos ESP"]
[Date "2012.06.25"]
[Round "5.2"]
[White "Adan Bermudez, Sergio"]
[Black "Lopez De Turiso, Jose Angel"]
[Result "1-0"]
[WhiteElo "2320"]
[BlackElo "2044"]
[PlyCount "135"]
[EventDate "2012.06.21"]
[EventType "swiss"]
[EventRounds "9"]
[EventCountry "ESP"]
[Source "lmi"]
[SourceDate "2012.06.21"]

1. c4 c5 2. g3 Nc6 3. Bg2 g6 4. Nc3 Bg7 5. a3 d6 6. Rb1 Nf6 7. b4 O-O 8. b5 Ne5
9. d3 e6 10. f4 Ned7 11. e4 Ng4 12. Nge2 f5 13. h3 Nh6 14. O-O Qc7 15. Be3 Rb8
16. b6 Nxb6 17. Nb5 Qd8 18. Nxa7 Bd7 19. e5 Ba4 20. Qc1 Nf7 21. d4 cxd4 22.
Nxd4 Re8 23. Nxe6 Rxe6 24. Bxb6 Qe8 25. exd6 Rxd6 26. Bf2 Bd4 27. Bxd4 Rxd4 28.
Qc3 Qd7 29. Bd5 Rxd5 30. cxd5 Qxd5 31. Rb4 Be8 32. Rd4 Qe6 33. a4 Ra8 34. Nb5
Rc8 35. Qd3 Bc6 36. Nd6 Rd8 37. Nxf7 Rxd4 38. Nh6+ Kg7 39. Nxf5+ gxf5 40. Qxd4+
Kf7 41. Rc1 Qe7 42. Qe5 Qa3 43. Qxf5+ Kg7 44. Qg5+ Kf7 45. Re1 Qb4 46. Qf5+ Kg7
47. Qe5+ Kf7 48. f5 Bxa4 49. f6 Qb6+ 50. Qe3 Qxe3+ 51. Rxe3 Kxf6 52. Re4 Bc6
53. Rh4 Kg6 54. Kf2 h5 55. Rd4 Kg5 56. Rd6 Be4 57. Ke3 Bf5 58. Rd5 Kf6 59. Kf4
Bxh3 60. Rxh5 Bg2 61. Rh6+ Kg7 62. Rd6 Bc6 63. g4 Ba4 64. g5 b5 65. Rb6 Kf7 66.
g6+ Kg7 67. Kg5 Bc2 68. Rb7+ 1-0

[Event "4. Open Ciudad de Tres Cantos 2012"]
[Site "Tres Cantos ESP"]
[Date "2012.06.25"]
[Round "5.3"]
[White "Alvarez Abejon, Amilcar"]
[Black "Pastor Alonso De Prado, Alberto"]
[Result "1-0"]
[WhiteElo "2074"]
[BlackElo "2191"]
[PlyCount "55"]
[EventDate "2012.06.21"]
[EventType "swiss"]
[EventRounds "9"]
[EventCountry "ESP"]
[Source "lmi"]
[SourceDate "2012.06.21"]

1. d4 d5 2. c4 e6 3. Nc3 Nf6 4. Bg5 Be7 5. e3 h6 6. Bxf6 Bxf6 7. Nf3 O-O 8. Rc1
b6 9. Bd3 c5 10. cxd5 cxd4 11. Nxd4 exd5 12. O-O Bb7 13. Qa4 a6 14. Rfd1 b5 15.
Qb3 Bxd4 16. exd4 Qd6 17. Bf5 Rd8 18. Bg4 Nc6 19. Bf3 Ne7 20. Re1 Nf5 21. Rcd1
Nh4 22. Bxd5 Bxd5 23. Nxd5 Qxd5 24. Re8+ Kh7 25. Qxd5 Rxd5 26. Rxa8 Nf5 27.
Rxa6 Nxd4 28. Kf1 1-0

[Event "4. Open Ciudad de Tres Cantos 2012"]
[Site "Tres Cantos ESP"]
[Date "2012.06.25"]
[Round "5.4"]
[White "Renteria, Jorge"]
[Black "Cano Cabanillas, Javier"]
[Result "1-0"]
[WhiteElo "2326"]
[BlackElo "2024"]
[PlyCount "71"]
[EventDate "2012.06.21"]
[EventType "swiss"]
[EventRounds "9"]
[EventCountry "ESP"]
[Source "lmi"]
[SourceDate "2012.06.21"]

1. d4 Nf6 2. c4 g6 3. Nc3 d5 4. Bg5 Bg7 5. Bxf6 Bxf6 6. Nxd5 Bg7 7. e3 c5 8.
Nf3 Nc6 9. Be2 O-O 10. dxc5 Qa5+ 11. b4 Nxb4 12. Nxe7+ Kh8 13. O-O Bxa1 14.
Qxa1+ f6 15. a3 Nc6 16. Nd5 Kg7 17. e4 Qxc5 18. Rd1 Bg4 19. Ng5 Bc8 20. h4 Ne5
21. Nf3 Nxf3+ 22. Bxf3 Be6 23. e5 Bxd5 24. exf6+ Rxf6 25. Rxd5 Qe7 26. Qd4 Qe1+
27. Kh2 Re8 28. Qxa7 Re7 29. Qd4 Qe6 30. c5 h6 31. a4 Kf7 32. h5 g5 33. Rxg5
Rxf3 34. Rg7+ Kf8 35. Rxe7 Qxe7 36. Qh8+ 1-0

[Event "4. Open Ciudad de Tres Cantos 2012"]
[Site "Tres Cantos ESP"]
[Date "2012.06.25"]
[Round "5.5"]
[White "Martin Garcia, Guillermo"]
[Black "Rodrigo Yanguas, Maria"]
[Result "1-0"]
[WhiteElo "1977"]
[BlackElo "2198"]
[PlyCount "81"]
[EventDate "2012.06.21"]
[EventType "swiss"]
[EventRounds "9"]
[EventCountry "ESP"]
[Source "lmi"]
[SourceDate "2012.06.21"]

1. e4 e6 2. d3 d5 3. Nd2 Nf6 4. Ngf3 Bc5 5. e5 Nfd7 6. c3 Bb6 7. d4 c5 8. Bb5
Nc6 9. Nf1 a6 10. Ba4 Ba7 11. Ng3 b5 12. Bc2 Bb7 13. Nh5 g6 14. Bg5 Qb6 15.
Nf6+ Nxf6 16. Bxf6 Rg8 17. dxc5 Qxc5 18. O-O Ne7 19. Qd2 O-O-O 20. a4 Bb8 21.
axb5 axb5 22. b4 Qc7 23. Nd4 Nc6 24. Nxb5 Qb6 25. Bxd8 Rxd8 26. Nd6+ Kc7 27.
Nxf7 Rf8 28. Ng5 Kd7 29. Nxh7 Rh8 30. Nf6+ Kc8 31. Qe3 Qxe3 32. fxe3 Nxe5 33.
h3 Bc7 34. Ng4 Nc4 35. Rf6 e5 36. Bd3 Nd2 37. Rf2 Nc4 38. Bxc4 dxc4 39. Rf6 Rd8
40. Nf2 Rd2 41. Rd1 1-0

[Event "4. Open Ciudad de Tres Cantos 2012"]
[Site "Tres Cantos ESP"]
[Date "2012.06.25"]
[Round "5.6"]
[White "Fernandez Blazquez, Diego"]
[Black "Gomez Celdran, Francisco Miguel"]
[Result "1-0"]
[WhiteElo "2185"]
[BlackElo "1965"]
[PlyCount "71"]
[EventDate "2012.06.21"]
[EventType "swiss"]
[EventRounds "9"]
[EventCountry "ESP"]
[Source "lmi"]
[SourceDate "2012.06.21"]

1. d4 Nf6 2. c4 e6 3. g3 d5 4. Bg2 dxc4 5. Nf3 Nc6 6. O-O Be7 7. Qa4 O-O 8.
Qxc4 Rb8 9. Nc3 a6 10. Bf4 Nd5 11. Nxd5 exd5 12. Qc2 Bg4 13. Rfd1 Bxf3 14. Bxf3
Bf6 15. Be3 Ne7 16. Rac1 c6 17. Bf4 Ra8 18. Bg4 g6 19. Qb3 b5 20. Qb4 a5 21.
Qd6 Qxd6 22. Bxd6 Ra6 23. Bxe7 Bxe7 24. Bd7 Rd8 25. Rxc6 Rxc6 26. Bxc6 b4 27.
Ba4 f5 28. Rc1 Kf7 29. e3 Ke6 30. Rc7 Ra8 31. Kf1 h5 32. h4 Bd6 33. Rb7 Be7 34.
Ke2 Ra6 35. Kd3 Bd8 36. Be8 1-0

[Event "4. Open Ciudad de Tres Cantos 2012"]
[Site "Tres Cantos ESP"]
[Date "2012.06.25"]
[Round "5.7"]
[White "Montoya Pecurul, Marc"]
[Black "Rivera Leon, Mauro Arturo"]
[Result "0-1"]
[WhiteElo "1892"]
[BlackElo "2097"]
[PlyCount "58"]
[EventDate "2012.06.21"]
[EventType "swiss"]
[EventRounds "9"]
[EventCountry "ESP"]
[Source "lmi"]
[SourceDate "2012.06.21"]

1. e4 e5 2. Nf3 Nc6 3. Bb5 a6 4. Ba4 Nf6 5. O-O Be7 6. Re1 b5 7. Bb3 d6 8. c3
O-O 9. h3 Bb7 10. d4 Re8 11. Nbd2 Bf8 12. Bc2 h6 13. d5 Ne7 14. Nf1 c6 15. dxc6
Bxc6 16. Ng3 Qc7 17. Nh4 d5 18. exd5 Nexd5 19. Nhf5 Rad8 20. Nh5 g6 21. Nh4
Nxh5 22. Nxg6 fxg6 23. Bxg6 Nhf4 24. Qg4 Nf6 25. Qf5 Nxg6 26. Qxf6 Qd6 27. Qf5
Qe6 28. Qh5 e4 29. Bxh6 Rd5 0-1

[Event "4. Open Ciudad de Tres Cantos 2012"]
[Site "Tres Cantos ESP"]
[Date "2012.06.25"]
[Round "5.8"]
[White "Brull Cortes, Boris"]
[Black "Ledo Galan, Jose Emilio"]
[Result "0-1"]
[WhiteElo "1959"]
[BlackElo "2079"]
[PlyCount "76"]
[EventDate "2012.06.21"]
[EventType "swiss"]
[EventRounds "9"]
[EventCountry "ESP"]
[Source "lmi"]
[SourceDate "2012.06.21"]

1. d4 Nf6 2. Nc3 g6 3. e4 d6 4. Be2 Bg7 5. h4 h5 6. Nh3 Nc6 7. Ng5 a6 8. Be3
Ng4 9. Bc4 O-O 10. Qf3 e6 11. O-O-O b5 12. Bb3 Na5 13. Bf4 Nxb3+ 14. axb3 Bb7
15. Qe2 b4 16. Na4 Bc6 17. f3 Nf6 18. Qc4 Qd7 19. Qxb4 Rfb8 20. Qa3 Bf8 21. Be3
a5 22. Rhg1 Qe8 23. Qa2 Rb4 24. Bd2 Rb7 25. Be3 e5 26. g4 hxg4 27. fxg4 Nxe4
28. Nxe4 Bxe4 29. dxe5 dxe5 30. Rde1 Qc6 31. Re2 Bd6 32. Rf1 Bf3 33. Ref2 e4
34. Bd2 Bg3 35. h5 Bxf2 36. Rxf2 Rd8 37. Nc3 Qc5 38. Be1 Qe3+ 0-1

[Event "4. Open Ciudad de Tres Cantos 2012"]
[Site "Tres Cantos ESP"]
[Date "2012.06.25"]
[Round "5.9"]
[White "Barroso Barroso, Jorge"]
[Black "Guerrero Villanueva, David"]
[Result "1-0"]
[WhiteElo "1812"]
[BlackElo "2021"]
[PlyCount "43"]
[EventDate "2012.06.21"]
[EventType "swiss"]
[EventRounds "9"]
[EventCountry "ESP"]
[Source "lmi"]
[SourceDate "2012.06.21"]

1. e4 c5 2. c4 Nc6 3. Ne2 g6 4. d4 cxd4 5. Nxd4 Bg7 6. Be3 Nf6 7. Nc3 d6 8. Be2
O-O 9. O-O a6 10. Rc1 Nd7 11. f4 Qb6 12. Nf5 Qxb2 13. Nxg7 Kxg7 14. Qe1 Nc5 15.
f5 Nd7 16. Qh4 Rh8 17. Bh6+ Kg8 18. f6 exf6 19. Rxf6 Nxf6 20. Qxf6 Qb6+ 21. Kh1
Qd4 22. Nd5 1-0

[Event "4. Open Ciudad de Tres Cantos 2012"]
[Site "Tres Cantos ESP"]
[Date "2012.06.25"]
[Round "5.10"]
[White "Ruiz Sanchez, Roberto"]
[Black "Marcos Herrero, Francisco"]
[Result "0-1"]
[WhiteElo "2005"]
[BlackElo "1914"]
[PlyCount "52"]
[EventDate "2012.06.21"]
[EventType "swiss"]
[EventRounds "9"]
[EventCountry "ESP"]
[Source "lmi"]
[SourceDate "2012.06.21"]

1. e4 c5 2. Nf3 d6 3. d4 cxd4 4. Nxd4 Nf6 5. Nc3 g6 6. Be3 Bg7 7. f3 Nc6 8. Qd2
O-O 9. O-O-O d5 10. exd5 Nxd5 11. Nxc6 bxc6 12. Nxd5 cxd5 13. Qxd5 Qc7 14. Qc5
Qb7 15. Qa5 Rb8 16. b3 Bf5 17. Bd3 Qc6 18. Bxf5 Qc3 19. Bd3 Rbc8 20. Bf4 Rfd8
21. Qa6 Qb2+ 22. Kd2 Rxc2+ 23. Ke1 Bc3+ 24. Bd2 Rxd2 25. Rxd2 Qxd2+ 26. Kf1
Qe1# 0-1

[Event "4. Open Ciudad de Tres Cantos 2012"]
[Site "Tres Cantos ESP"]
[Date "2012.06.25"]
[Round "5.11"]
[White "Bernal Zajarov, Mateo"]
[Black "Lopez Moll, Jose Manuel"]
[Result "0-1"]
[WhiteElo "1506"]
[BlackElo "1996"]
[PlyCount "88"]
[EventDate "2012.06.21"]
[EventType "swiss"]
[EventRounds "9"]
[EventCountry "ESP"]
[Source "lmi"]
[SourceDate "2012.06.21"]

1. d4 d5 2. c4 c6 3. Nc3 Nf6 4. Nf3 a6 5. a4 Bf5 6. e3 Nbd7 7. Bd3 Bxd3 8. Qxd3
e6 9. O-O Bd6 10. e4 dxe4 11. Nxe4 Nxe4 12. Qxe4 Nf6 13. Qh4 Be7 14. Ne5 Nd7
15. Qg4 Bf6 16. f4 O-O 17. Rf3 g6 18. Rh3 Bg7 19. Be3 Nf6 20. Qf3 Nd7 21. Kh1
f6 22. Qg4 fxe5 23. Qxe6+ Rf7 24. Rxh7 Nf8 25. Rxg7+ Kxg7 26. Qxe5+ Qf6 27. Qe4
Re7 28. Qd3 Rae8 29. Bf2 Qxf4 30. Bg3 Qe3 31. Qxe3 Rxe3 32. Be5+ R3xe5 33. dxe5
Rxe5 34. g3 Re2 35. Rb1 Ne6 36. b4 Nd4 37. Kg1 Nf3+ 38. Kf1 Rxh2 39. Rb3 Nd2+
40. Kg1 Nxb3 41. Kxh2 Nd2 42. c5 Nf3+ 43. Kg2 Nd4 44. Kf2 Kf6 0-1

[Event "4. Open Ciudad de Tres Cantos 2012"]
[Site "Tres Cantos ESP"]
[Date "2012.06.25"]
[Round "5.12"]
[White "Galan Fernandez, Felix"]
[Black "Minguela Muñoz, Bienvenido"]
[Result "0-1"]
[WhiteElo "2085"]
[BlackElo "1878"]
[PlyCount "100"]
[EventDate "2012.06.21"]
[EventType "swiss"]
[EventRounds "9"]
[EventCountry "ESP"]
[Source "lmi"]
[SourceDate "2012.06.21"]

1. e4 c5 2. d3 d6 3. g3 Nc6 4. Bg2 Nf6 5. h3 e5 6. Ne2 Be6 7. O-O d5 8. Bg5 Be7
9. f4 dxe4 10. dxe4 Qb6 11. Qc1 Bc4 12. Nbc3 Nd4 13. Re1 exf4 14. Nxf4 h6 15.
Bxf6 Bxf6 16. Ncd5 Qd6 17. c3 Nc6 18. Qc2 O-O 19. Ne3 Be6 20. Rad1 Qc7 21. Ned5
Bxd5 22. exd5 Ne5 23. d6 Qd7 24. Nh5 Rfe8 25. Nxf6+ gxf6 26. Re4 Re6 27. Rh4
Rxd6 28. Rxd6 Qxd6 29. Rxh6 Ng6 30. Rxg6+ fxg6 31. Qxg6+ Kf8 32. h4 Qe7 33. h5
Qg7 34. Qd3 Re8 35. Be4 Qe7 36. Bf3 Qe3+ 37. Qxe3 Rxe3 38. Kf2 Re7 39. c4 Kg7
40. Bd5 Kh6 41. g4 Kg5 42. Kf3 b6 43. Be4 a5 44. a4 Re5 45. Bf5 Rxf5+ 46. gxf5
Kxf5 47. h6 Kg6 48. Ke4 Kxh6 49. Kf5 Kg7 50. Ke6 Kg6 0-1

[Event "4. Open Ciudad de Tres Cantos 2012"]
[Site "Tres Cantos ESP"]
[Date "2012.06.25"]
[Round "5.13"]
[White "Arauz Alonso, Fernando"]
[Black "Cabrera Fernandez, Daniel"]
[Result "1/2-1/2"]
[WhiteElo "2059"]
[BlackElo "1880"]
[PlyCount "67"]
[EventDate "2012.06.21"]
[EventType "swiss"]
[EventRounds "9"]
[EventCountry "ESP"]
[Source "lmi"]
[SourceDate "2012.06.21"]

1. d4 d6 2. Nf3 g6 3. Bg5 Bg7 4. c3 Nd7 5. Nbd2 Ngf6 6. e4 e5 7. dxe5 Nxe5 8.
Nxe5 dxe5 9. Bc4 Qd6 10. O-O Be6 11. Qb3 O-O-O 12. Bxe6+ Qxe6 13. Qxe6+ fxe6
14. Nc4 h6 15. Bxf6 Bxf6 16. Rfd1 Rxd1+ 17. Rxd1 Rd8 18. Rxd8+ Kxd8 19. Kf1 b5
20. Na5 Kd7 21. Ke2 c5 22. c4 Bd8 23. Nb3 Kc6 24. cxb5+ Kxb5 25. Nd2 c4 26. Nf3
Bc7 27. Kd2 Kc5 28. Kc2 Kb5 29. Nh4 g5 30. Ng6 Kc6 31. f3 h5 32. h4 gxh4 33.
Nxh4 Ba5 34. Kd1 1/2-1/2

[Event "4. Open Ciudad de Tres Cantos 2012"]
[Site "Tres Cantos ESP"]
[Date "2012.06.25"]
[Round "5.14"]
[White "Largo Barbero, Benito"]
[Black "Baeza Escudero, Javier"]
[Result "1-0"]
[WhiteElo "1864"]
[BlackElo "2031"]
[PlyCount "67"]
[EventDate "2012.06.21"]
[EventType "swiss"]
[EventRounds "9"]
[EventCountry "ESP"]
[Source "lmi"]
[SourceDate "2012.06.21"]

1. Nc3 d5 2. d4 Nf6 3. Bg5 Nbd7 4. e3 g6 5. Be2 Bg7 6. Qd2 O-O 7. h4 h6 8. Bf4
c5 9. g4 cxd4 10. exd4 Ne4 11. Nxe4 dxe4 12. Bxh6 e5 13. Bxg7 Kxg7 14. O-O-O
Nf6 15. h5 Rh8 16. h6+ Kg8 17. g5 Ng4 18. Nh3 exd4 19. Qxd4 Qxd4 20. Rxd4 Bf5
21. f3 exf3 22. Bxf3 Ne5 23. Bxb7 Rb8 24. Be4 Be6 25. b4 f5 26. Bd5 Kf7 27.
Bxe6+ Kxe6 28. Nf4+ Kf7 29. Re1 Rhe8 30. Rd5 Nc6 31. Rd7+ Re7 32. Rexe7+ Nxe7
33. Rxe7+ Kf8 34. Rh7 1-0

[Event "4. Open Ciudad de Tres Cantos 2012"]
[Site "Tres Cantos ESP"]
[Date "2012.06.25"]
[Round "5.15"]
[White "Lorite Cruz, Francisco"]
[Black "Garcia Burguillo, Javier"]
[Result "1-0"]
[WhiteElo "2025"]
[BlackElo "1850"]
[PlyCount "139"]
[EventDate "2012.06.21"]
[EventType "swiss"]
[EventRounds "9"]
[EventCountry "ESP"]
[Source "lmi"]
[SourceDate "2012.06.21"]

1. d4 Nf6 2. Nf3 g6 3. c4 Bg7 4. Nc3 d6 5. e4 O-O 6. Be2 Nbd7 7. Bg5 c6 8. O-O
e5 9. d5 c5 10. Qd2 a6 11. a4 a5 12. Ne1 Re8 13. Nc2 Qb6 14. Na3 h5 15. Nab5
Kh7 16. Ra3 Ng8 17. Nd1 Ndf6 18. Bd3 Bd7 19. Ndc3 Ng4 20. h3 N4h6 21. Rb3 f6
22. Be3 Nf7 23. Bc2 Bh6 24. Bxh6 Ngxh6 25. f4 Qd8 26. Ne2 Kg7 27. Rbf3 Bxb5 28.
axb5 b6 29. Kh2 Qe7 30. g3 Rf8 31. R3f2 Rh8 32. Kg2 Raf8 33. Ng1 Qd8 34. Nf3
Qe7 35. Qe2 Qd8 36. Nh4 exf4 37. gxf4 Rhg8 38. e5 fxe5 39. Nxg6 exf4 40. Nxf8
Kxf8+ 41. Kh2 Qh4 42. Rg2 Ng4+ 43. Kg1 Qxh3 44. Rxf4 Rh8 45. Rf3 Qh4 46. Qe6
Nge5 47. Qxd6+ Ke8 48. Qe6+ Kd8 49. Qxb6+ Ke7 50. Qxc5+ Kd8 51. Qb6+ Ke7 52.
Qe6+ Kd8 53. Qf6+ Kc7 54. Rf1 Qd4+ 55. Kh1 Qe3 56. Bf5 Rh6 57. Qe7+ Kb6 58. Bc8
Nd6 59. Be6 Ndxc4 60. Qe8 Nd6 61. Qe7 Ndc4 62. d6 Ng4 63. Qc7+ Kxb5 64. Qxc4+
Kb6 65. Qc7+ Kb5 66. Bd7+ Kb4 67. Qb7+ Kc4 68. Qb5+ Kd4 69. Rd1+ Ke4 70. Qf5#
1-0

[Event "4. Open Ciudad de Tres Cantos 2012"]
[Site "Tres Cantos ESP"]
[Date "2012.06.25"]
[Round "5.17"]
[White "Heras Cuencas, Miguel Angel"]
[Black "Fernandez Garcia, Ignacio"]
[Result "1-0"]
[WhiteElo "1985"]
[BlackElo "1870"]
[PlyCount "55"]
[EventDate "2012.06.21"]
[EventType "swiss"]
[EventRounds "9"]
[EventCountry "ESP"]
[Source "lmi"]
[SourceDate "2012.06.21"]

1. d4 Nf6 2. c4 g6 3. Nc3 Bg7 4. e4 d6 5. f4 Nc6 6. Nf3 O-O 7. Be2 Bg4 8. O-O
e5 9. fxe5 Bxf3 10. Bxf3 dxe5 11. d5 Nd4 12. Bg5 Qd6 13. b3 Nd7 14. Rc1 Nb6 15.
Bg4 Qc5 16. Kh1 a6 17. Qd2 f5 18. exf5 gxf5 19. Bh5 Nd7 20. Ne2 Nxe2 21. Bxe2
Qd6 22. b4 Qg6 23. c5 f4 24. Be7 Rf7 25. d6 Nf8 26. Bc4 Ne6 27. Qd5 Rxe7 28.
dxe7 1-0

[Event "4. Open Ciudad de Tres Cantos 2012"]
[Site "Tres Cantos ESP"]
[Date "2012.06.25"]
[Round "5.18"]
[White "Rodriguez Dorado, Victor"]
[Black "Martin Espeja, Jorge J"]
[Result "1-0"]
[WhiteElo "1946"]
[BlackElo "1830"]
[PlyCount "105"]
[EventDate "2012.06.21"]
[EventType "swiss"]
[EventRounds "9"]
[EventCountry "ESP"]
[Source "lmi"]
[SourceDate "2012.06.21"]

1. c4 e5 2. Nc3 f5 3. e4 d6 4. exf5 Bxf5 5. Qf3 Qc8 6. Nd5 Ne7 7. Ne3 Nbc6 8.
Nxf5 Nxf5 9. Bd3 Ncd4 10. Qe4 Be7 11. b3 g6 12. Bb2 Ne6 13. Ba3 Ng5 14. Qg4 O-O
15. h4 h5 16. Bxf5 Rxf5 17. Qe2 Ne6 18. Bb2 Nf4 19. Qe4 c6 20. g3 d5 21. Qc2
Ne6 22. O-O-O e4 23. Nh3 Nc5 24. Nf4 Bd6 25. Bd4 Bxf4 26. Bxc5 Be5 27. Be3 d4
28. Qxe4 dxe3 29. d4 Bg7 30. Qxe3 Qe8 31. Rhf1 Qxe3+ 32. fxe3 Raf8 33. Rxf5
Rxf5 34. e4 Rf2 35. d5 cxd5 36. exd5 Kf7 37. d6 Bh6+ 38. Kb1 Rd2 39. Rf1+ Ke6
40. c5 Kd5 41. b4 Kc6 42. Rf7 a5 43. Rc7+ Kb5 44. Rxb7+ Kc4 45. bxa5 Rd1+ 46.
Kb2 Rd2+ 47. Ka3 Rd3+ 48. Rb3 Bc1+ 49. Ka4 Rd2 50. a3 Rd4 51. Rb4+ Kxc5 52.
Rxd4 Kxd4 53. d7 1-0

[Event "4. Open Ciudad de Tres Cantos 2012"]
[Site "Tres Cantos ESP"]
[Date "2012.06.25"]
[Round "5.19"]
[White "Lopez Heras, Arturo"]
[Black "Diaz Begonte, Manuel"]
[Result "1-0"]
[WhiteElo "1926"]
[BlackElo "1814"]
[PlyCount "43"]
[EventDate "2012.06.21"]
[EventType "swiss"]
[EventRounds "9"]
[EventCountry "ESP"]
[Source "lmi"]
[SourceDate "2012.06.21"]

1. e4 g6 2. d4 d5 3. e5 Bf5 4. Nf3 e6 5. Be2 c5 6. c3 Nc6 7. O-O Qb6 8. dxc5
Bxc5 9. b4 Be7 10. Bd3 Bg4 11. Bf4 g5 12. Bg3 Nh6 13. h3 Bh5 14. a4 Bg6 15. a5
Qc7 16. Re1 a6 17. Na3 Nf5 18. Rc1 Nxg3 19. fxg3 Nxa5 20. Bxg6 hxg6 21. bxa5
Bxa3 22. Qa4+ 1-0